000 00632nam a22001577a 4500
003 OSt
005 20151104091708.0
008 151104b xxu||||| |||| 00| 0 eng d
040 _cRUA
082 _aFOR BUN 1996 B122 Or.1
100 _93309
_aBUN, HEANG.
245 _aDevelopment program of prek toal non-hunting area, battambang province (​សិក្សារគំរោងអភិវឌ្ឃន៏តំបន់ហាមឃាត់ការបរបាញ់នៅព្រែកទាល់ខេត្តបាត់ដំបង)
260 _aPhnom Penh
_bRUA
_c1996
300 _a83p.
_bill.
_c29cm.
942 _2ddc
_cFOR
999 _c3089
_d3089